000 00346 a2200133 4500
003 Nust
005 20170207171644.0
040 _cNust
082 _a799
245 _a43-Call on by MD NRTC,Photographs-2016
_cMCS
260 _aRawalpindi
_bMCS
_c04-03-2016
650 _a43-Call on by MD NRTC,Photographs-2016 DVD No 26 (Vol-II)
651 _aSweet Memories-MCS
942 _cBK
999 _c218231
_d218231